<?xml version="1.0" encoding="UTF-8"?>
<record
    xmlns:xsi="http://www.w3.org/2001/XMLSchema-instance"
    xsi:schemaLocation="http://www.loc.gov/MARC21/slim http://www.loc.gov/standards/marcxml/schema/MARC21slim.xsd"
    xmlns="http://www.loc.gov/MARC21/slim">

  <leader>01477na  a2200361   4500</leader>
  <datafield tag="952" ind1=" " ind2=" ">
    <subfield code="5">1</subfield>
    <subfield code="a">0001</subfield>
    <subfield code="b">0001</subfield>
    <subfield code="d">2016-12-16</subfield>
    <subfield code="e">2</subfield>
    <subfield code="f"> BRO&#x15E;&#xDC;RLER</subfield>
    <subfield code="l">0</subfield>
    <subfield code="o">BRO&#x15E;&#xDC;R 476</subfield>
    <subfield code="p">011162</subfield>
    <subfield code="r">2016-12-16 00:00:00</subfield>
    <subfield code="v">0.00</subfield>
    <subfield code="w">2016-12-16</subfield>
    <subfield code="y">BKS</subfield>
  </datafield>
  <datafield tag="999" ind1=" " ind2=" ">
    <subfield code="c">4399</subfield>
    <subfield code="d">4399</subfield>
  </datafield>
  <controlfield tag="001">19518</controlfield>
  <controlfield tag="003">MIRAKIL</controlfield>
  <controlfield tag="005">20200225112359.0</controlfield>
  <controlfield tag="008">170214b        tu            000 0      </controlfield>
  <datafield tag="035" ind1=" " ind2=" ">
    <subfield code="a">19518</subfield>
  </datafield>
  <datafield tag="040" ind1=" " ind2=" ">
    <subfield code="a">Milas</subfield>
    <subfield code="b">tur</subfield>
    <subfield code="c">TR-AnCHP</subfield>
  </datafield>
  <datafield tag="041" ind1=" " ind2=" ">
    <subfield code="a">tur</subfield>
  </datafield>
  <datafield tag="082" ind1=" " ind2=" ">
    <subfield code="a">CHP 338.174304</subfield>
    <subfield code="b">N26 2006</subfield>
  </datafield>
  <datafield tag="090" ind1=" " ind2=" ">
    <subfield code="a">BRO&#x15E;&#xDC;R 476</subfield>
  </datafield>
  <datafield tag="222" ind1=" " ind2=" ">
    <subfield code="a">Tar&#x131;m Program&#x131;</subfield>
  </datafield>
  <datafield tag="222" ind1=" " ind2=" ">
    <subfield code="a">CHP Tar&#x131;m </subfield>
  </datafield>
  <datafield tag="245" ind1=" " ind2=" ">
    <subfield code="a">Narenciye &#xFC;reticilerinin sorunlar&#x131;n&#x131; ara&#x15F;t&#x131;rma komisyonu raporu:</subfield>
    <subfield code="b">[&#x15E;ubat 2006]/</subfield>
    <subfield code="c">[haz&#x131;rlayan] TBMM Cumhuriyet Halk Partisi Grup Ba&#x15F;kanl&#x131;&#x11F;&#x131;.</subfield>
  </datafield>
  <datafield tag="246" ind1=" " ind2=" ">
    <subfield code="a">CHP narenciye raporu</subfield>
  </datafield>
  <datafield tag="260" ind1=" " ind2=" ">
    <subfield code="a">Ankara</subfield>
    <subfield code="b">CHP</subfield>
    <subfield code="c">2006</subfield>
  </datafield>
  <datafield tag="300" ind1=" " ind2=" ">
    <subfield code="a">80 s.</subfield>
    <subfield code="b">res.(baz&#x131;s&#x131; rnk).</subfield>
    <subfield code="c">24 sm.</subfield>
  </datafield>
  <datafield tag="440" ind1=" " ind2=" ">
    <subfield code="a">Cumhuriyet Halk Partisi yay&#x131;nlar&#x131;</subfield>
    <subfield code="p">Raporlar</subfield>
  </datafield>
  <datafield tag="610" ind1=" " ind2=" ">
    <subfield code="a">CHP</subfield>
    <subfield code="b">Narenciye &#xDC;reticilerinin Sorunlar&#x131;n&#x131; Ara&#x15F;t&#x131;rma Komisyonu</subfield>
    <subfield code="x">Narenciye &#xFC;retimi</subfield>
    <subfield code="y">Raporlar</subfield>
  </datafield>
  <datafield tag="610" ind1=" " ind2=" ">
    <subfield code="a">CHP</subfield>
    <subfield code="b">Narenciye &#xDC;reticilerinin Sorunlar&#x131;n&#x131; Ara&#x15F;t&#x131;rma Komisyonu</subfield>
    <subfield code="x">Turun&#xE7;giller</subfield>
    <subfield code="y">Raporlar</subfield>
  </datafield>
  <datafield tag="610" ind1=" " ind2=" ">
    <subfield code="a">CHP</subfield>
    <subfield code="b">Narenciye &#xDC;reticilerinin Sorunlar&#x131;n&#x131; Ara&#x15F;t&#x131;rma Komisyonu</subfield>
    <subfield code="x">Komisyon raporlar&#x131;</subfield>
    <subfield code="y">Narenciye &#xFC;retimi</subfield>
  </datafield>
  <datafield tag="610" ind1=" " ind2=" ">
    <subfield code="a">CHP</subfield>
    <subfield code="x">Tar&#x131;m sorunlar&#x131;</subfield>
    <subfield code="y">&#xC7;&#xF6;z&#xFC;m &#xF6;nerileri</subfield>
  </datafield>
  <datafield tag="650" ind1=" " ind2=" ">
    <subfield code="a">Narenciye &#xFC;reticileri</subfield>
    <subfield code="y">Raporlar</subfield>
    <subfield code="z">T&#xFC;rkiye</subfield>
  </datafield>
  <datafield tag="650" ind1=" " ind2=" ">
    <subfield code="a">Tar&#x131;m sorunlar&#x131;</subfield>
    <subfield code="x">Narenciye &#xFC;retimi</subfield>
    <subfield code="y">Raporlar</subfield>
    <subfield code="z">T&#xFC;rkiye</subfield>
  </datafield>
  <datafield tag="710" ind1=" " ind2=" ">
    <subfield code="a">CHP</subfield>
    <subfield code="b">Narenciye &#xDC;reticilerinin Sorunlar&#x131;n&#x131; Ara&#x15F;t&#x131;rma Komisyonu</subfield>
  </datafield>
  <datafield tag="740" ind1=" " ind2=" ">
    <subfield code="a">CHP narenciye raporu</subfield>
  </datafield>
  <datafield tag="830" ind1=" " ind2=" ">
    <subfield code="a">CHP raporlar&#x131;</subfield>
  </datafield>
  <datafield tag="942" ind1=" " ind2=" ">
    <subfield code="2">ddc</subfield>
    <subfield code="c">BKS</subfield>
  </datafield>
</record>
